000 00966nas a2200301 4500
001 BR7800610
003 BR-BrBNA
005 20231205083316.0
007 ta
008 230509b bl.|||p| |||| 00| 00por d
040 _aBR-BrBNA
_bpor
_cBiblioteca Nacional de Agricultura
041 _a(Pt)
072 _aF00
100 1 _aSvoboda, L.H.
100 1 _aMor, M.
100 1 _aMatzenbacher, R.G.
111 1 _a9. Reuniao Anual Conjunta de Pesquisa de Trigo
_cLondrina, PR (Brazil)
_d28 Mar 1977
245 1 _aExperimentacao com triticale em 1976 no CEP - FECOTRIGO [Centro de Pesquisa da Fecotrigo, Rio Grande do Sul, Brasil]
650 _aPRODUCAO VEGETAL
650 _aTRITICALE
650 _aPSEUDOCEREAL
650 _aLINHAGEM
650 _aRENDIMENTO
650 _aRIO GRANDE DO SUL
773 0 _tTrigo e Soja (Brazil)
_xISSN 0100-5456
_g(Feb 1977), (no. 20) p. 19-27
_wBR7800610
909 _a202311
_bLúcia
_c55
_dLúcia Elande
942 _2AGRIS
_n0
_cANA
999 _c97883
_d97883